| 000 | 005660000a22001810004500 | ||
|---|---|---|---|
| 003 | MACL | ||
| 005 | 20160513133746.0 | ||
| 008 | 160513b xxu||||| |||| 00| 0 eng d | ||
| 040 |
_aMACL _cMACL |
||
| 041 | _aHindi | ||
| 082 | _a891.431 | ||
| 100 |
_aजैन, सुनीता _955817 |
||
| 245 |
_aगान्धर्व पर्व _cसुनीता जैन |
||
| 260 |
_bरेमाधव पब्लिकेशन्स _c2008 _aगाजियाबाद |
||
| 350 | _a120 | ||
| 650 |
_aPoetry _956734 |
||
| 942 |
_cHIN _k891.431/JAI _2ddc |
||
| 999 |
_c41191 _d41191 |
||